| 000 | 00805nam a2200229 4500 | ||
|---|---|---|---|
| 003 | OSt | ||
| 005 | 20240705063217.0 | ||
| 006 | a | ||
| 008 | 240705b |||||||| |||| 00| 0 eng d | ||
| 020 | _a1582553807 | ||
| 040 |
_aDWCL-HMN lib. _cOC |
||
| 082 | _aCirc. 615.854 B419t 2006 | ||
| 100 | _aBehan, Eileen | ||
| 245 | _aTherapeutic nutrition: a guide to patient education / | ||
| 260 |
_aPhiladelphia: _bLippincott Williams & Wilkins, _cc2006. |
||
| 300 |
_axiii, _b353p.; _c28 cm. |
||
| 504 | _aIncludes bibliographical references & index. | ||
| 650 | _a1. Diet therapy - Study and teaching - Handbooks, manuals, etc. | ||
| 650 | _a2. Nutrition - Study and teaching - Handbooks, manuals, etc. | ||
| 650 | _a3. Patient education - Handbooks, manuals, etc. | ||
| 942 |
_2ddc _n0 _cBK-CIRC _kCirc. |
||
| 999 |
_c2028 _d2028 |
||